00920nam a22002297a 450000500170000001000130001702000260003003500130005603700090006908200080007810000150008624500630010124600130016426000380017727000840021530000480029950000520034752001800039965000370057965000240061665000500064020240626151044.0 aB-759972 a9789391125578c499.00 aB-759972 bGift a2501 aPande.alka14aThe Ramayana :bThrough 15 iconic characters /cAlka panse30aRamayana aNew Delhi :bNiyogi Books,c2009. aBlok D, buliding area no. 77, okhla industrial area, phase-1bnew delhie110020 a199 p., bchiefly col. ill. ;c23 cm. (pbk) aIncludes bibliographical references (p. [129]). aAbout 130 paintings, follow the story through the paintings from Mewar Ramayana commissioned by Rana Jagat Singh of Mewar between 1649 and 1653 and now in the British Library. 0aMewar paintingxThemes, motives. 0aManuscripts, Indic. 0aIllumination of books and manuscripts, Indic.